| 000 | 00755nam a2200217 a 4500 | ||
|---|---|---|---|
| 001 | 1871646 | ||
| 003 | AM-YEHGA | ||
| 005 | 20250618080119.0 | ||
| 008 | 221123s2022 ai o||||||||||||||0|arm|d | ||
| 020 | _a9789939758350 | ||
| 040 | _aAM-YeHGA | ||
| 041 | 0 | _aarm | |
| 100 | 1 |
_aԻսահակյան, Ավիկ _9964 |
|
| 245 | 1 | 0 |
_aՍևանա կղզի... ։ _bՀուշապատում / _cԱ. Իսահակյան ; Խմբ․՝ Վ. Դևրիկյան. |
| 260 |
_aԵրևան : _bԷդիթ Պրինտ, _c2022. |
||
| 300 |
_a126 էջ + 16 ներդ․ թ․ ։ _bլուսանկ․ ; _c23 սմ. |
||
| 650 | 1 | 4 |
_aՀայ հուշագրություն _95766 |
| 700 | 1 |
_aԴևրիկյան, Վարդան Գևորգի _eխմբ․ _4edt |
|
| 942 |
_2udc _cBK |
||
| 090 | _c566000 | ||
| 999 |
_c527854 _d527854 |
||